000 005750000a22001810004500
003 MACL
005 20160511114628.0
008 160511b xxu||||| |||| 00| 0 eng d
040 _aMACL
_cMACL
041 _aHindi
082 _a891.431 CHA
100 _aप्रसाद, दारिका
_956065
245 _aअष्‍टाक्षर
_cदारिका प्रसाद
260 _bजनप्रिय प्रकाशन
_c1991
_aनई दिल्‍ली
350 _a80
650 _aHindi Poems
_954252
942 _cHIN
_k891.431/PRA/P
_2ddc
999 _c20067
_d20067